1686 1055 1400 1770 1818 1683 1192 1304 1765 1499 1544 1185 1616 1735 1358 1842 1852 1752 1898 1907 1873 1756 1901 1617 1928 1651 1242 1156 1677 1509 1319 1080 1247 1422 1354 1861 1919 1291 1677 1485 1023 1076 1971 1123 1123 1684 1982 1614 1597 1374 1365 1176 1852 1102 1374 1133 1723 1663 1442 1342 1417 1008 1791 1628 1659 1337 1236 1308 1981 1616 1999 1753 1958 1415 1200 1966 1784 1016 1597 1961 1647 1281 1812 1970 1000 1147 1334 1720 1314 1692 1893 1132 1633 1250 1795 1486 1509 1324 1356 BCNSPRNW ULIB Ver.6.0+V

เปลี่ยนเป็นภาษาไทย

Change to English
 แสดงรายละเอียดบรรณานุกรม
  กลับหน้าหลัก

Brief Record : Get Marc (ISO 2709) : E-mail record : QR code < ปิดหน้าต่าง
LEADER : 00000nam 2200000uu 4500
001    13399115305
003     ULIB
008    120810s2554||||th 000 0 tha d
020    ^a9789748100968 ล.1
060  4 ^aWB205^bป411ฉ ล1
100 0  ^aประสาร เปรมะสกุล
245 10 ^aฉลาดตรวจสุขภาพ ฉบับรู้ทันโรคถอย เล่ม 1/^cประสาร เปรมะสกุล
250    ^aพิมพ์ครั้งแรก
260    ^aกรุงเทพฯ :^bอมรินทร์บุ๊คเซ็นเตอร์,^c2554.
300    ^a334 หน้า :^bภาพประกอบ
650  7 ^aการวินิจฉัยโรค
650  7 ^aการตรวจสุขภาพ
650  7 ^aการตรวจร่างกาย
650  7 ^aโรค^xการป้องกันและควบคุม
945    ^p350^l0^i032302
945    ^p350^l0^i032303
945    ^p350^l0^i032304
945    ^p350^l0^i032305
945    ^p350^l0^i033315
945    ^p350^l0^i033316
945    ^p350^l0^i033317
945    ^p350^l0^i033407
995    ^aทศพร
999 ^a ทศพร
รายการนี้ยังไม่มีแท็ก
คุณยังไม่ได้ล็อกอิน คุณสามารถมีกิจกรรมร่วมกับเว็บไซต์ได้ แต่ต้องล็อกอินก่อน ::
  ล็อกอิน

รายการสื่อสารสนเทศ

ลำดับที่ ประเภท เลขเรียก/บาร์โค้ด สถานที่ สถานะ
1. วิทยาศาสตร์การแพทย์ และสุขภาพ
หนังสือสำรอง
สถานะ=หนังสือสำรอง
WB205 ป411ฉ ล1 ฉ.1 
  Barcode: 032302
ห้องสมุดวิทยาเขตสวรรค์ประชารักษ์
►ส่วนจัดเก็บหนังสือเก่า สปร
บนชั้น
  ขอยืม
2. วิทยาศาสตร์การแพทย์ และสุขภาพ
วิทยาศาสตร์การแพทย์ และสุขภาพ
WB205 ป411ฉ ล1 ฉ.2 
  Barcode: 032303
ห้องสมุดวิทยาเขตสวรรค์ประชารักษ์
►ส่วนจัดเก็บหนังสือเก่า สปร
บนชั้น
  ขอยืม
3. วิทยาศาสตร์การแพทย์ และสุขภาพ
วิทยาศาสตร์การแพทย์ และสุขภาพ
WB205 ป411ฉ ล1 ฉ.3 
  Barcode: 032304
ห้องสมุดวิทยาเขตสวรรค์ประชารักษ์
►ส่วนจัดเก็บหนังสือเก่า สปร
บนชั้น
  ขอยืม
4. วิทยาศาสตร์การแพทย์ และสุขภาพ
วิทยาศาสตร์การแพทย์ และสุขภาพ
WB205 ป411ฉ ล1 ฉ.4 
  Barcode: 032305
ห้องสมุดวิทยาเขตสวรรค์ประชารักษ์
►ส่วนจัดเก็บหนังสือเก่า สปร
บนชั้น
  ขอยืม
5. วิทยาศาสตร์การแพทย์ และสุขภาพ
วิทยาศาสตร์การแพทย์ และสุขภาพ
WB205 ป411ฉ ล1 ฉ.5 
  Barcode: 033315
ห้องสมุดวิทยาเขตสวรรค์ประชารักษ์
►ส่วนจัดเก็บหนังสือเก่า สปร
บนชั้น
  ขอยืม
6. วิทยาศาสตร์การแพทย์ และสุขภาพ
วิทยาศาสตร์การแพทย์ และสุขภาพ
WB205 ป411ฉ ล1 ฉ.6 
  Barcode: 033316
ห้องสมุดวิทยาเขตสวรรค์ประชารักษ์
►ส่วนจัดเก็บหนังสือเก่า สปร
บนชั้น
  ขอยืม
7. วิทยาศาสตร์การแพทย์ และสุขภาพ
วิทยาศาสตร์การแพทย์ และสุขภาพ
WB205 ป411ฉ ล1 ฉ.7 
  Barcode: 033317
ห้องสมุดวิทยาเขตสวรรค์ประชารักษ์
►ส่วนจัดเก็บหนังสือเก่า สปร
บนชั้น
  ขอยืม
8. Book การพยาบาล
Book การพยาบาล
WB205 ป411ฉ ล1 ฉ.8 
  Barcode: 033407
ห้องสมุดวิทยาเขตสวรรค์ประชารักษ์
►หนังสือทั่วไป
บนชั้น

รายการใกล้เคียง
    ผู้แต่ง [ประสาร เปรมะสกุล]

    หัวเรื่อง [การวินิจฉัยโรค]
    หัวเรื่อง [การตรวจสุขภาพ]
    หัวเรื่อง [การตรวจร่างกาย]

BibComment


ยังไม่เคยถูกคอมเมนท์

คอมเมนท์ทรัพยากรรายการนี้
  คอมเมนท์: ฉลาดตรวจสุขภาพ ฉ..


 Copyright 2026. Bcnsprnw @Library